Výkladový slovník odborných výrazov používaných v psychológii a v jej príbuzných a hraničných vedných odboroch

Uložené v:
Podrobná bibliografia
Hlavný autor: Strmeň, Ladislav
Ďalší autori: Raiskup, Ján Ch
Médium: Kniha
Jazyk:Slovak
Vydavateľské údaje: Bratislava IRIS 1998
Predmet:
Tagy: Pridať tag
Žiadne tagy, Buďte prvý, kto otaguje tento záznam!

MARC

LEADER 00000nam a2200000 4500
001 c103125
005 20221109094744.8
020 |a 80-88778-69-7 
041 0 |a slo 
044 |a SK 
245 1 0 |a Výkladový slovník odborných výrazov používaných v psychológii a v jej príbuzných a hraničných vedných odboroch  |c Ladislav Strmeň - Ján Ch. Raiskup 
264 1 |a Bratislava  |b IRIS  |c 1998 
300 |a 322 s. 
610 2 0 |a pedagogika 
610 2 0 |a sociológia 
610 2 0 |a ergonómia 
610 2 0 |a manažment personálny 
610 2 0 |a hygiena práce 
610 2 0 |a terminológia 
100 1 |a Strmeň, Ladislav 
700 1 |a Raiskup, Ján Ch.